000 01047nam a22002897a 4500
001 7811
003 FISKH
005 20250811100358.0
008 250811b cb ||||| |||| 00| 0 eng d
040 _aFISKH
_beng
_cFISKH
_dFISKH
050 _aPZ7
082 _a823.92
100 _aMackinnon, Mairi
245 _aThe king's pudding /
_cRetold by Mairi Mackinnon ; illustrated by Nathalie Ragondet
250 _aThis edition first published in 2012
260 _aLondon :
_bUsborne,
_c2012
300 _a48 pages :
_bcolor illustrations ;
_c20 cm
505 _aJ
520 _aLittle Deer has to use his wits to distract Tiger and avoid being eaten. Luckily Tiger is big and fierce, but none too clever Featuring simple, repetitive text, 'The King's Pudding' helps beginners to develop their reading stamina.
521 8 _a480
_bLexile
521 8 _aJ
_bRaz-Plus
650 _2Vocabulary
_aTeacher resource
650 _2Tricksters
_aTiger
700 _aRagondet, Nathalie
_dillustrator
942 _2ddc
_cBK
_n0
999 _c7811
_d7811